Psychológia peňazí

Gespeichert in:
Bibliographische Detailangaben
1. Verfasser: Ariely, Dan
Weitere Verfasser: Kreisler, Jeff, Kuzmová, Ľubomíra
Format: Buch
Sprache:Slowakisch
Veröffentlicht: Bratislava Premedia 2017
Ausgabe:1. vydanie
Schlagworte:
Tags: Tag hinzufügen
Keine Tags, Fügen Sie das erste Tag hinzu!

MARC

LEADER 00000nam a2200000 4500
001 0257257
005 20240221113132.1
020 |a 978-80-8159-570-7 
041 0 |a slo 
044 |a SK 
245 1 0 |a Psychológia peňazí  |c Dan Ariely, Jeff Kreisler ; preklad: Ľubomíra Kuzmová 
250 |a 1. vydanie 
264 1 |a Bratislava  |b Premedia  |c 2017 
300 |a 228 s. 
610 2 0 |a psychológia 
610 2 0 |a peniaze 
610 2 0 |a zákazníci 
610 2 0 |a správanie spotrebiteľa 
610 2 0 |a kúpa 
610 2 0 |a karty platobné 
610 2 0 |a hotovosť 
610 2 0 |a rozhodovanie 
610 2 0 |a gramotnosť finančná 
610 2 0 |a poradenstvo 
100 1 |a Ariely, Dan 
700 1 |a Kreisler, Jeff 
700 1 |a Kuzmová, Ľubomíra